Catálogo
 En Linea

La rabalera : (Registro nro. 34610)

Detalles MARC
000 -CABECERA
campo de control de longitud fija 00679nam a2200181 a 4500
001 - NÚMERO DE CONTROL
campo de control 000035119
005 - FECHA Y HORA DE LA ÚLTIMA TRANSACCIÓN
campo de control 20200930074121.0
008 - DATOS DE LONGITUD FIJA--INFORMACIÓN GENERAL
campo de control de longitud fija 111025s1909 sp 000 0 spa d
040 ## - FUENTE DE LA CATALOGACIÓN
Centro catalogador/agencia de origen DO-SdBNP
Lengua de catalogación spa
Centro/agencia transcriptor BNPHU
082 ## - NÚMERO DE LA CLASIFICACIÓN DECIMAL DEWEY
Número de clasificación xxxx
Número de documento/Ítem E18, 1909
100 1# - ENTRADA PRINCIPAL--NOMBRE DE PERSONA
Nombre de persona Echegaray, Miguel,
Fechas asociadas al nombre 1870-1922
9 (RLIN) 60796
245 13 - MENCIÓN DE TÍTULO
Título La rabalera :
Resto del título zarzuela en un acto y tres cuadros, en prosa /
Mención de responsabilidad, etc. Miguel Echegharay ;música Amadeo Vives.
250 ## - MENCIÓN DE EDICIÓN
Mención de edición 2a ed.
260 ## - PUBLICACIÓN, DISTRIBUCIÓN, ETC.
Lugar de publicación, distribución, etc. Madrid :
Nombre del editor, distribuidor, etc. R. Velasco, impresor, Marqués de Santa Ana,
Fecha de publicación, distribución, etc. 1909.
300 ## - DESCRIPCIÓN FÍSICA
Extensión 41 p. ;
Dimensiones 20 cm.
500 ## - NOTA GENERAL
Nota general Estrenada en el Teatro de la Zarzuela en la noche del 22 de marzo de 1907.
500 ## - NOTA GENERAL
Nota general Incluye notas al pie de las páginas.
Existencias
Estado de retiro Estado de pérdida Restricciones de uso No para préstamo Código de colección Localización permanente Ubicación/localización actual Ubicación en estantería Fecha de adquisición Número de inventario Total de préstamos Signatura topográfica completa Código de barras Fecha visto por última vez Precio válido a partir de Tipo de ítem Koha
      Excluido de préstamo Monografías: Libros y Folletos General General En catalogación 25.10.2011 LF1   xxxx E18, 1909 35119-10 25.06.2020 25.06.2020 No se presta

Con tecnología Koha